000 04043cam a22005054a 4500
001 7756847
003 ARRUPE
005 20141112125059.0
008 060519s2007 nyua b 001 0 eng
010 _a 2006047490
020 _a9780375424526
020 _a0375424520
029 1 _aYDXCP
_b2483071
029 1 _aNLGGC
_b301756252
029 1 _aAU@
_b000041404896
029 1 _aNZ1
_b11378335
029 1 _aIG#
_b9780375424526
035 _a(OCoLC)ocm69332474
035 _a(OCoLC)69332474
035 _a(NNC)7756847
040 _aDLC
_cDLC
_dBAKER
_dBTCTA
_dYDXCP
_dC#P
_dVP@
_dNLGGC
_dJN3
_dBUR
_dOCLCG
_dIG#
_dCQU
_dOrLoB-B
042 _apcc
050 0 0 _aBF698.35.C45
_bR53 2007
082 0 0 _a128
_222
084 _a77.52
_2bcl
100 1 _aRieff, Philip,
_d1922-2006.
_912581
245 1 0 _aCharisma :
_bthe gift of grace, and how it has been taken away from us /
_cPhilip Rieff ; foreword by Dan Frank and Aaron Manson.
250 _a1st ed.
260 _aNew York :
_bPantheon Books,
_cc2007.
300 _ax, 271 p. :
_bill. ;
_c24 cm.
504 _aIncludes bibliographical references (p. 245-254) and index.
505 0 0 _gPt. 1.
_tThe charismatic foundations of culture --
_g1.
_tSpray-on charisma --
_g2.
_tThe first vanguard of our inherited culture --
_g3.
_tCovenant and charisma --
_g4.
_tProphetic charisma --
_g5.
_tThe psychiatric study of Jesus --
_g6.
_tThe Christian meaning of charisma --
_g7.
_tFaith and fanaticism --
_gPt. 2.
_tThe therapeutic foundations of anti-culture --
_g8.
_tMax Weber and the post-Protestant ethos --
_g9.
_tThe meaning of leadership --
_g10.
_tThe therapeutic world is without discipline and without disciples --
_g11.
_tOrders of ambivalence --
_g12.
_tThe mystique of the break --
_gPt. 3.
_tThe triumph of the therapeutic over the charismatic --
_g13.
_tEvil angels have all but seized control of the world --
_g14.
_tWhen therapy replaces charisma --
_g15.
_tThe revolutionary nature of the therapeutic --
_g16.
_tWhat greatness owes to guilt --
_g17.
_tThe cure and prevention of great men --
_g18.
_tThe gift of grace, and how it has been taken away from us --
_g19.
_tThe repression of meaning --
_g20.
_tCrippled in our capacities to perceive the seldom-appearing thing.
520 _aCharisma has come to be understood as a special gift or talent possessed by celebrities--artists, athletes, political leaders--a quality that makes them objects of universal appeal or attraction. Sociologist Rieff explores the evolution of this compelling concept within Judeo-Christian culture, from the covenant between God and the Israelites: charisma--religious grace and authority--was given to the Old Testament prophets, and embodied by Jesus. Rieff shows how St. Paul transformed charisma into a form of social organization, how it was reworked by Protestant theologians, and, finally, how Max Weber redefined charisma as a secular political concept. In emptying charisma of its religious meaning, the modern perception is stripped of moral considerations. Invoking Kierkegaard, Weber, Kafka, Nietzsche, and Freud, Rieff argues that without morality, the gift of grace becomes indistinguishable from the gift of evil, devolving into a license to destroy in the name of ideology--part of the deepest level of crisis in our culture.--From publisher description.
650 0 _aCharisma (Personality trait)
_xHistory.
_912582
650 1 7 _aCharisma.
_2gtt
_912583
650 1 7 _aPersoonlijkheidskenmerken.
_2gtt
_912584
650 1 7 _aReligieuze aspecten.
_2gtt
_912585
776 0 8 _iOnline version:
_aRieff, Philip, 1922-2006.
_tCharisma.
_b1st ed.
_dNew York : Pantheon Books, c2007
_w(OCoLC)607675901
856 4 2 _3Contributor biographical information
_uhttp://www.loc.gov/catdir/enhancements/fy0705/2006047490-b.html
856 4 2 _3Publisher description
_uhttp://www.loc.gov/catdir/enhancements/fy0705/2006047490-d.html
856 4 1 _3Sample text
_uhttp://www.loc.gov/catdir/enhancements/fy0708/2006047490-s.html
900 _bTOC
942 _2lcc
_cMONOGRAPH
948 1 _a20100430
_bc
_ctp2276
_dMPS
999 _c121231
_d121231